000 00749nas a2200253 4500
001 BR0705883
003 BR-BrBNA
005 20231205111206.0
007 ta
008 230509b bl.|||p| |||| 00| 00por d
040 _aBR-BrBNA
_bpor
_cBiblioteca Nacional de Agricultura
041 _a(Pt)
072 _aF03
100 1 _aCarvalho, S.A. de
245 1 _aA produção de mudas fiscalizadas e certificadas de citros
650 _aSEMENTE
650 _aMUDA
650 _aFRUTA CÍTRICA
650 _aFISCALIZAÇÃO SANITÁRIA
650 _aCERTIFICAÇÃO DE SEMENTE
773 0 _tVisão Agrícola (Brazil)
_xISSN 1806-6402
_g(Jul-Dec 2004), v. 1(2) p. 8-10
_wBR0705883
909 _a202311
_bLúcia
_c55
_dLúcia Elande
942 _2AGRIS
_n0
_cANA
999 _c191253
_d191253